INFEDELE (L) (Record n. 107477)
[ formato base ]
| 000 -LEADER | |
|---|---|
| fixed length control field | 02004agaaa2200325 4500 |
| 001 - CONTROL NUMBER | |
| control field | 8833 |
| 003 - CONTROL NUMBER IDENTIFIER | |
| control field | IT-RoPAU |
| 005 - DATE AND TIME OF LATEST TRANSACTION | |
| control field | 20220918181258.0 |
| 007 - PHYSICAL DESCRIPTION FIXED FIELD--GENERAL INFORMATION | |
| fixed length control field | d cvaizq |
| 008 - FIXED-LENGTH DATA ELEMENTS--GENERAL INFORMATION | |
| fixed length control field | 50131s9999||||xx ||| | || ||und|| |
| 040 ## - CATALOGING SOURCE | |
| Original cataloging agency | IT-RoPAU |
| Transcribing agency | IT-RoPAU |
| 041 ## - LANGUAGE CODE | |
| Language code of text/sound track or separate title | ITALIANO |
| 100 ## - MAIN ENTRY--PERSONAL NAME | |
| Personal name | Ullmann Liv |
| Miscellaneous information | Codice regista SPICS: 55953 |
| 9 (RLIN) | 52249 |
| 130 ## - MAIN ENTRY--UNIFORM TITLE | |
| Uniform title | INFEDELE (L) |
| 9 (RLIN) | 52250 |
| 240 ## - UNIFORM TITLE | |
| Uniform title | TROLOSA |
| Miscellaneous information | T3287 |
| 245 ## - TITLE STATEMENT | |
| Title | INFEDELE (L) |
| Statement of responsibility, etc. | Prodotto da: Svt Drama -- Sceneggiatura: Ingmar Bergman -- Diretto da: Ullmann Liv |
| Name of part/section of a work | INFEDELE (L) (Rif. Codice opera principale : G8833) |
| 246 ## - VARYING FORM OF TITLE | |
| Title proper/short title | TROLOSA |
| 250 ## - EDITION STATEMENT | |
| Edition statement | Edizione Standard |
| 260 ## - PUBLICATION, DISTRIBUTION, ETC. (IMPRINT) | |
| Place of publication, distribution, etc. | (SVEZIA) |
| Name of publisher, distributor, etc. | SVENSK / Distribuzione: RAI ZDF |
| Date of manufacture | "2000 (1° ed.: 2000 ; Ed. Lingua Orig.: 2000)" |
| 300 ## - PHYSICAL DESCRIPTION | |
| Extent | VHS |
| Other physical details | sonoro, col. |
| Dimensions | 146 minuti |
| 508 ## - CREATION/PRODUCTION CREDITS NOTE | |
| Creation/production credits note | "Fotografia: Jorgen Persson; Montaggio: Sylvia Ingemarsson; Sceneggiatura: Ingmar Bergman; Scenografia: Goran Wassberg; " |
| 511 ## - PARTICIPANT OR PERFORMER NOTE | |
| Participant or performer note | "Lena; Endre; Erland; Josephson; Krister; Enriksson; Thomas; Hanzon; Juni; Dahr" |
| 520 ## - SUMMARY, ETC. | |
| Summary, etc. | FILM A COLORI PER TUTTI. UNO SCRITTORE CHE VIVE SU UN'ISOLA DESERTA ELABORA LA TRAMA DI UN ROMANZO AUTOBIOGRAFICO. NE E' PROTAGONISTA MARIANNE, MOGLIE DI MARKUS, DIRETTORE D'ORCHESTRA E MADRE DI ISABELLE, UNA BAMBINA DI 9 ANNI. LA DONNA SI INNAMORA DI DAVID, REGISTA E AMICO DI FAMIGLIA. MARKUS SCOPRE IL TRADIMENTO E DECIDE DI NON PERDONARE. INIZIANO COSI' LE PRATICHE PER IL DIVORZIO E, ALLA FINE, SI CAPISCE CHE NON E' MARIANNE LA SOLA INFEDELE. NEL CORSO DEL PROCESSO PER AGGIUDICARSI LA CUSTODIA DELLA FIGLIA, I PROTAGONISTI SCAGLIANO COLPI BASSI CHE ARRECANO DOLORE E SOFFERENZA A TUTTI. NE E'TESTIMONE SILENZIOSA ISABELLE, VITTIMA INNOCENTE, CHE SENTE E CAPISCE TUTTO. |
| 538 ## - SYSTEM DETAILS NOTE | |
| System details note | PAL, STEREO |
| 546 ## - LANGUAGE NOTE | |
| Language note | ITALIANO |
| 650 ## - SUBJECT ADDED ENTRY--TOPICAL TERM | |
| Topical term or geographic name as entry element | DRAMMATICO |
| Relator term | FILMS [VHS PAL] |
| General subdivision | Codice MATERIA SPICS: 9960 |
| 9 (RLIN) | 34083 |
| 700 ## - ADDED ENTRY--PERSONAL NAME | |
| Personal name | Bergman Ingmar |
| Relator term | (soggetto) |
| Miscellaneous information | Codice Soggetto SPICS: 9304 |
| 9 (RLIN) | 52251 |
| 700 ## - ADDED ENTRY--PERSONAL NAME | |
| Personal name | Ullmann Liv |
| Relator term | (regista) |
| Miscellaneous information | Codice regista SPICS: 55953 |
| 9 (RLIN) | 52252 |
| 942 ## - ADDED ENTRY ELEMENTS (KOHA) | |
| Koha item type | VHS - VIDEO |
| Source of classification or shelving scheme | Dewey Decimal Classification |
| Withdrawn status | Lost status | Damaged status | Not for loan | Home library | Current library | Date acquired | Total Checkouts | Full call number | Date last seen | Price effective from | Koha item type | Public note |
|---|---|---|---|---|---|---|---|---|---|---|---|---|
| Buone Condizioni | Not For Loan | SPICS-MEDIATECA | SPICS-MEDIATECA | 31/01/2015 | G8833 | 31/01/2015 | 31/01/2015 | VHS - VIDEO | Progr. Ins.: 3060 / N.Vol.:1 / Copie: 1 / Pag.:0 / Copia rara: n.d. / date import: 1.2.2015 / By Epidotti, Trombetti, Vaglietti |